000
00217 a2200097 4500
001
58020
090
_c
35527
_d
35527
245
_a
Functional Analysis,2/e
250
_a
2
260
_a
New Delhi
_b
Tata Mcgraw Hill Publishing
_c
2006
942
_a
NUST-CAE
999
_c
293093
_d
293093